Valuse of dissent in growth of corporations (Record no. 6706)

000 -LEADER
fixed length control field 00320pab a2200133 454500
008 - FIXED-LENGTH DATA ELEMENTS--GENERAL INFORMATION
fixed length control field 180718b1988 xxu||||| |||| 00| 0 eng d
100 ## - MAIN ENTRY--PERSONAL NAME
Personal name Fujral, G.S.
245 ## - TITLE STATEMENT
Title Valuse of dissent in growth of corporations
260 ## - PUBLICATION, DISTRIBUTION, ETC.
Date of publication, distribution, etc. 1988
300 ## - PHYSICAL DESCRIPTION
Extent 21-2
650 ## - SUBJECT ADDED ENTRY--TOPICAL TERM
Topical term or geographic name entry element Corporations
773 ## - HOST ITEM ENTRY
Main entry heading Management Reivew
909 ## -
-- 6706
Holdings
Withdrawn status Lost status Damaged status Not for loan Permanent Location Current Location Date acquired Serial Enumeration / chronology Barcode Date last seen Price effective from Koha item type
        Indian Institute of Public Administration Indian Institute of Public Administration 2018-07-19 Volume no: 15, Issue no: 2 AR6716 2018-07-19 2018-07-19 Articles

Powered by Koha